000 00789nam a22002297a 4500
999 _c11305
_d11305
003 AR-CdUCM
008 190403b ||||| |||| 00| 0 spa d
040 _aMUNICIPALIDAD PROVINCIAL DEL CUSCO
_cBIBLIOTECA MUNICIPAL DEL CUSCO
082 _aC / 869.56 /
_bQ76P
100 _aQuispe Suma, Jacinto Callo
_928614
245 _aPoemas a Túpac Amaru /
_cJacinto Yana Auqa (seudónimo)
260 _aCanas :
_bGarcilaso,
_c1971.
300 _a39 páginas ;
_bfotografía,
_c21 cm.
500 _aDespués del titulo, En el "Año del sesquicentenario de la Independencia Nacional".
505 _aContenido: Poesías.
650 _aPoesías Cusqueña
_928615
650 _aSiglo XX
_98
650 _aLiteratura
_983
650 _aCanas - Cusco
_928616
942 _2ddc
_cLIBROS
945 _aachl